| Tag |
First Indicator |
Second Indicator |
Subfields |
| LEADER |
00000pam a2200000 a 4500 |
| 001 |
in00000076954 |
| 005 |
20151008055010.0 |
| 008 |
810115s1981 dcu b 00100ceng |
| 010 |
|
|
|a 81000660
|
| 020 |
|
|
|a 0871871653 :
|c $7.95
|
| 035 |
|
|
|a (OCoLC)07205558
|
| 035 |
|
|
|9 AAJ2279AM
|
| 039 |
0 |
|
|a 2
|b 3
|c 3
|d 3
|e 3
|
| 040 |
|
|
|a DLC
|c DLC
|d TXA
|d UtOrBLW
|
| 043 |
|
|
|a n-us---
|
| 049 |
|
|
|a TXAM
|c [800823]
|
| 050 |
0 |
0 |
|a JK1010
|b .M45 1981
|
| 082 |
0 |
|
|a 328.73/092/2
|a B
|2 19
|
| 245 |
0 |
0 |
|a Members of Congress since 1789.
|
| 250 |
|
|
|a 2nd ed.
|
| 264 |
|
1 |
|a Washington, D.C. :
|b Congressional Quarterly Inc.,
|c 1981.
|
| 300 |
|
|
|a 180 pages ;
|c 28 cm.
|
| 336 |
|
|
|a text
|b txt
|2 rdacontent
|
| 337 |
|
|
|a unmediated
|b n
|2 rdamedia
|
| 338 |
|
|
|a volume
|b nc
|2 rdacarrier
|
| 500 |
|
|
|a Includes index.
|
| 504 |
|
|
|a Bibliography: page 180.
|
| 610 |
1 |
0 |
|a United States.
|b Congress
|v Biography.
|
| 650 |
|
0 |
|a Legislators
|z United States
|v Biography.
|
| 710 |
2 |
|
|a Congressional Quarterly, inc.
|
| 999 |
|
|
|a MARS
|
| 999 |
f |
f |
|s 234c05b5-3098-3eb5-9834-8d214ccfa4a0
|i 789bcf3f-e972-301d-b459-e3ec62ac7b80
|t 0
|